000 00444nam a2200193Ia 4500
005 20240823050405.0
008 240823s9999||||xx |||||||||||||| ||und||
020 _a978-81-7598-114-0
041 _aENGLISH
082 _A623.1355 Q0
100 _aKeith W Bose
245 0 _aAviation Electronics
250 _a1st
260 _c2010
_bSterling book
500 _aTRANSFERED
650 _aAviation
_bAME
942 _cBK
999 _c217139
_d217139